[Event "Have fun"]
[Site "SchemingMind.com"]
[Date "2018.10.19"]
[Round "-"]
[White "capablanca"]
[Black "cnile"]
[Result "1-0"]
[WhiteCountry "GER"]
[BlackCountry "SCO"]
[WhiteElo "1748"]
[WhiteRD "65"]
[BlackElo "1364"]
[BlackRD "68"]
[GameID "433623"]

1. e4 e5 2. f4 exf4 3. Nf3 g5 4. h3 d6 5. d4 Nc6 6. Bc4 Be7 7. Nc3 h6 8. Bd2 Nf6 9. Qe2 O-O 10. O-O-O Nh5
11. Qf2 Ng3 12. Rhe1 Bf6 13. e5 dxe5 14. dxe5 Bg7 15. Bxf4 Qe7 16. Bxg3 Be6 17. Bxe6 Qxe6 18. Kb1 a6 19. Nd4 Rad8 20. Nxe6 fxe6
21. Rxd8 Rxd8 22. Rd1 Rxd1+ 23. Nxd1
1-0

[Event "Have fun"]
[Site "SchemingMind.com"]
[Date "2018.10.19"]
[Round "-"]
[White "cnile"]
[Black "capablanca"]
[Result "0-1"]
[WhiteCountry "SCO"]
[BlackCountry "GER"]
[WhiteElo "1364"]
[WhiteRD "68"]
[BlackElo "1748"]
[BlackRD "65"]
[GameID "433624"]

1. e4 e5 2. f4 exf4 3. Nf3 g5 4. Bc4 Bg7 5. d4 d6 6. O-O Nc6 7. Nc3 Bd7 8. h3 Qe7 9. Re1 O-O-O 10. Nd5 Qe8
11. Nxg5 Bxd4+ 12. Kh1 Bf6 13. Nxf7 Na5 14. Qd3 Nxc4 15. Nxd8 Ne5 16. Qa3 Kxd8 17. Qxa7 Bc8 18. Bxf4 Nc6 19. Qf2 Be6 20. Nxf6 Nxf6
21. Rad1 Nd7 22. Bg5+ Kc8 23. c3 Nce5 24. Qa7 Nc6 25. Qe3 Nde5 26. b3 Qg6 27. c4 Rg8 28. h4 h6 29. Rf1 hxg5 30. hxg5 Qh5+
31. Kg1 Qh2+ 32. Kxh2 Ng4+ 33. Kg3 Nxe3
0-1

[Event "Have fun"]
[Site "SchemingMind.com"]
[Date "2018.10.17"]
[Round "-"]
[White "capablanca"]
[Black "Iucounu"]
[Result "1-0"]
[WhiteCountry "GER"]
[BlackCountry "ENG"]
[WhiteElo "1790"]
[WhiteRD "74"]
[BlackElo "1674"]
[BlackRD "72"]
[GameID "433697"]

1. e4 e5 2. f4 exf4 3. Nf3 g5 4. d4 g4 5. Ne5 Qh4+ 6. g3 fxg3 7. Qxg4 Qxg4 8. Nxg4 Nc6 9. d5 Nd4 10. Bd3 Nf3+
11. Kf1 gxh2 12. Kf2 Ng5 13. Bxg5 Bg7 14. c3 d6 15. Nxh2 f6 16. Bh4 Bd7 17. Nd2 O-O-O 18. Rhg1 Bh6 19. Ndf3 Rf8 20. Nd4 c5
21. dxc6 bxc6 22. Nf5 Bxf5 23. exf5 Ne7 24. Ng4 Bg5 25. Bxg5 fxg5 26. Ne3 h6 27. Raf1 d5 28. Kg3 h5 29. Kh3 g4+ 30. Kh4 Kc7
31. f6 Ng8 32. f7 Nh6 33. Bg6 Kd6 34. Bxh5 Nxf7 35. Kxg4 Ne5+ 36. Kg5 Rhg8+ 37. Kh4 Rxg1 38. Rxg1 Nf3+ 39. Bxf3 Rxf3 40. Re1 Rf2
41. Nd1 Rg2 42. Kh3 Rg7 43. Re2
1-0

[Event "Have fun"]
[Site "SchemingMind.com"]
[Date "2018.10.18"]
[Round "-"]
[White "Iucounu"]
[Black "capablanca"]
[Result "0-1"]
[WhiteCountry "ENG"]
[BlackCountry "GER"]
[WhiteElo "1674"]
[WhiteRD "72"]
[BlackElo "1790"]
[BlackRD "74"]
[GameID "433698"]

1. e4 e5 2. f4 d5 3. exd5 Qxd5 4. Nc3 Qe6 5. fxe5 Qxe5+ 6. Be2 Bc5 7. Nf3 Qe7 8. d4 Bb4 9. O-O Nf6 10. Bg5 Bxc3
11. bxc3 Qd6 12. Bxf6 Qxf6 13. Ne5 Bf5 14. Bd3 g6 15. Qd2 Qg7 16. Bxf5 gxf5 17. Rxf5 f6 18. Nd3 Nd7 19. Re1+ Kd8 20. Ref1 c6
21. Nc5 Nxc5 22. Rxc5 Kc7 23. Qf4+ Kc8 24. Qxf6 Qxf6 25. Rxf6 Kc7 26. Re5 Rad8 27. Re7+ Rd7 28. Rff7 Rxe7 29. Rxe7+ Kb6 30. Re5 Rf8
31. g3 a5 32. a4 Rf7 33. Kg2 Ka6 34. c4 b6 35. d5 cxd5 36. cxd5 Rc7 37. Re2 Rd7 38. Rd2 b5 39. axb5+ Kxb5 40. d6 a4
41. Kf3 Kc5 42. Rd3 Rxd6 43. Ra3 Kb4 44. Ra2 a3 45. g4 Rh6 46. g5 Ra6 47. h4 Kc3 48. Kg4 Kd2 49. h5 Kc1 50. c4 Kb1
51. Rh2 a2 52. h6 a1=Q 53. Rh1+ Kb2 54. Rxa1 Kxa1 55. Kf5 Rg6
0-1

[Event "Have fun"]
[Site "SchemingMind.com"]
[Date "2018.10.22"]
[Round "-"]
[White "cnile"]
[Black "Iucounu"]
[Result "0-1"]
[WhiteCountry "SCO"]
[BlackCountry "ENG"]
[WhiteElo "1364"]
[WhiteRD "68"]
[BlackElo "1684"]
[BlackRD "70"]
[GameID "433699"]

1. e4 e5 2. f4 exf4 3. Nf3 g5 4. Bc4 g4 5. Ne5 Qh4+ 6. Kf1 Nc6 7. Qxg4 Qxg4 8. Nxg4 h5 9. Nf2 Ne5 10. Be2 Ne7
11. d4 N5g6 12. c3 d6 13. Nd2 Bh6 14. Nf3 Bd7 15. h4 O-O-O 16. Bd2 f5 17. Re1 fxe4 18. Ng5 Bxg5 19. Nxe4 Bh6 20. Bf3 Bg7
21. Ng5 Rdf8 22. Kf2 Bg4 23. Ne6 Rf7 24. Ng5 Rf6 25. Ne4 Re6 26. a4 Bxf3 27. Kxf3 Nd5 28. Rhf1 Bh6 29. Rh1 Rf8 30. Ng5 Re7
31. Rxe7 Ndxe7
0-1

[Event "Have fun"]
[Site "SchemingMind.com"]
[Date "2018.10.22"]
[Round "-"]
[White "Iucounu"]
[Black "cnile"]
[Result "1-0"]
[WhiteCountry "ENG"]
[BlackCountry "SCO"]
[WhiteElo "1684"]
[WhiteRD "70"]
[BlackElo "1364"]
[BlackRD "68"]
[GameID "433700"]

1. e4 e5 2. f4 exf4 3. Nf3 g5 4. h4 g4 5. Ne5 h5 6. Bc4 Nh6 7. d4 d5 8. Bxd5 Qf6 9. Nc3 Be6 10. Bxe6 fxe6
11. Rf1 Qxh4+ 12. Ke2 Qf6 13. Rxf4 Qg7 14. Qf1 Nd7 15. Nxd7 Bb4 16. Ne5 O-O-O 17. Bd2 Rxd4 18. Nf7 Nxf7 19. Rxf7 Qe5 20. Qf4 Bxc3
21. Qxe5 Rxd2+ 22. Ke3 Bxe5 23. Kxd2 Rd8+ 24. Ke2 Bxb2 25. Rd1 Rh8 26. Rdd7 Be5 27. Rh7 Rxh7 28. Rxh7 b6 29. Rxh5 Bd6 30. Rh6 Kb7
31. Rxe6 g3 32. e5
1-0

[Event "Have fun"]
[Site "SchemingMind.com"]
[Date "2018.10.21"]
[Round "-"]
[White "capablanca"]
[Black "Shanks"]
[Result "1-0"]
[WhiteCountry "GER"]
[BlackCountry "ENG"]
[WhiteElo "1793"]
[WhiteRD "81"]
[BlackElo "1388"]
[BlackRD "74"]
[GameID "433784"]

1. e4 e5 2. f4 exf4 3. Nf3 Ne7 4. d4 Ng6 5. Bc4 d6 6. O-O c6 7. Nc3 Nd7 8. Ne2 Nb6 9. Bb3 Bg4 10. h3 Bxf3
11. Rxf3 Be7 12. Nxf4 Nxf4 13. Rxf4 O-O 14. Qh5 d5 15. exd5 cxd5 16. c3 Nc4 17. Bc2 b5 18. Qxh7#
1-0

[Event "Have fun"]
[Site "SchemingMind.com"]
[Date "2018.10.21"]
[Round "-"]
[White "Shanks"]
[Black "capablanca"]
[Result "0-1"]
[WhiteCountry "ENG"]
[BlackCountry "GER"]
[WhiteElo "1381"]
[WhiteRD "76"]
[BlackElo "1790"]
[BlackRD "74"]
[GameID "433785"]

1. e4 e5 2. f4 exf4 3. Nf3 g5 4. d4 Bg7 5. c3 d6 6. Bb5+ Bd7 7. Bd3 Nc6 8. d5 Ne5 9. Nxe5 Bxe5 10. Na3 Qe7
11. Nc4 Bg7 12. Bd2 O-O-O 13. a4 Nf6 14. b4 Nxe4 15. O-O Nxc3 16. Bxc3 Bxc3 17. Rb1 f5 18. a5 Kb8 19. a6 b6 20. b5 Bd4+
21. Kh1 Qf7 22. Nd2 Qxd5 23. Bc4 Qc5 24. Qf3 c6 25. bxc6 Bxc6 26. Qd1 Be3 27. Qc2 Bxd2 28. Qxd2 Qxc4 29. Qd1 Qxa6 30. Qh5 Qa2
31. Qh3 g4 32. Rxb6+ axb6
0-1

[Event "Have fun"]
[Site "SchemingMind.com"]
[Date "2018.10.24"]
[Round "-"]
[White "cnile"]
[Black "Shanks"]
[Result "1-0"]
[WhiteCountry "SCO"]
[BlackCountry "ENG"]
[WhiteElo "1392"]
[WhiteRD "75"]
[BlackElo "1325"]
[BlackRD "72"]
[GameID "433786"]

1. e4 e5 2. f4 exf4 3. Nf3 g5 4. Bc4 d6 5. O-O h6 6. d4 c6 7. Nc3 Bg7 8. b3 Ne7 9. Bb2 Nd7 10. Rb1 Nb6
11. Be2 O-O 12. Qd2 Qc7 13. Kh1 d5 14. e5 Be6 15. Ba3 Rfe8 16. Bc5 Nbc8 17. a4 Ng6 18. Ba3 g4 19. Ng1 Qd8 20. Qd1 g3
21. h3 Kh8 22. Bc1 a6 23. Bxf4 Nxf4 24. Rxf4 Ne7 25. Bh5 Ng6 26. Bxg6 fxg6 27. Nce2 g5 28. Rf1 g4 29. Nf4 Bf5 30. hxg4 Qh4+
31. Ngh3 Bxg4 32. Qd2 Bf5 33. Rbe1 Be4 34. Rxe4 dxe4 35. Qe3 Re7 36. Ng6+ Kg8 37. Nxh4 Rf8 38. Rxf8+ Kxf8 39. Ng6+ Ke8 40. Nxe7 Kxe7
41. Qxg3 Bf8 42. Qh4+ Kd7 43. Qxe4 Kc7 44. d5 cxd5 45. Qxd5 Kb8 46. Qd8+ Ka7 47. Qxf8
1-0

[Event "Have fun"]
[Site "SchemingMind.com"]
[Date "2018.10.24"]
[Round "-"]
[White "Shanks"]
[Black "cnile"]
[Result "0-1"]
[WhiteCountry "ENG"]
[BlackCountry "SCO"]
[WhiteElo "1330"]
[WhiteRD "73"]
[BlackElo "1381"]
[BlackRD "69"]
[GameID "433787"]

1. e4 e5 2. f4 exf4 3. Nf3 g5 4. d3 Nc6 5. Nc3 d6 6. Nd2 Be6 7. Ne2 Bg7 8. Nf3 Nge7 9. Nxg5 Ng6 10. Nxe6 fxe6
11. c4 Qh4+ 12. Kd2 e5 13. Kc2 O-O-O 14. Kb1 Rhf8 15. Nc3 Kb8 16. Qf3 Qe7 17. Nd5 Qd7 18. Bd2 Nd4 19. Qd1 c6 20. Nc3 f3
21. g3 Qc7 22. Be3 Qf7 23. Bf2 c5 24. Bxd4 exd4 25. Nd5 Bh6 26. h4 Ne5 27. Bh3 f2 28. Rf1 Be3 29. Bf5 Qxf5 30. exf5 Rxf5
31. a3 Nf3 32. Ka2 Nd2 33. g4 Nxf1 34. Qxf1 Rf3 35. h5 Rg8 36. Qe2 Rg3 37. Ne7 R8xg4 38. Qc2 Rg1 39. Qb3 Rxa1+ 40. Kxa1 f1=Q+
41. Ka2 Rg1 42. Nc6+ Kc7
0-1

[Event "Have fun"]
[Site "SchemingMind.com"]
[Date "2018.10.21"]
[Round "-"]
[White "Shanks"]
[Black "Iucounu"]
[Result "0-1"]
[WhiteCountry "ENG"]
[BlackCountry "ENG"]
[WhiteElo "1381"]
[WhiteRD "76"]
[BlackElo "1674"]
[BlackRD "72"]
[GameID "433788"]

1. e4 e5 2. f4 exf4 3. Nf3 g5 4. d4 g4 5. Ne5 Qh4+ 6. Kd2 Qf2+ 7. Qe2 Qxd4+ 8. Ke1 Qxe5 9. Qd3 Nf6 10. c3 Bh6
11. Na3 Qxe4+ 12. Qxe4+ Nxe4 13. Bd3 Nc5 14. Bc2 a6 15. Nc4 O-O 16. Bf5 d6 17. Bxc8 Rxc8 18. b4 Re8+ 19. Kd1 Nd3 20. Bd2 Nf2+
21. Kc2 Nxh1 22. Rxh1 Kg7 23. Kb3 Nc6 24. g3 f3 25. Bxh6+ Kxh6 26. h3 Kg5 27. h4+ Kh5 28. Nb2 Re2 29. Nd3 Re4 30. Nf2 Rae8
31. Nxe4 Rxe4 32. Rd1 b5 33. Rd5+ Re5 34. Rd2 h6 35. Rf2 Re2 36. Rxe2 fxe2
0-1

[Event "Have fun"]
[Site "SchemingMind.com"]
[Date "2018.10.21"]
[Round "-"]
[White "Iucounu"]
[Black "Shanks"]
[Result "1-0"]
[WhiteCountry "ENG"]
[BlackCountry "ENG"]
[WhiteElo "1674"]
[WhiteRD "72"]
[BlackElo "1381"]
[BlackRD "76"]
[GameID "433789"]

1. e4 e5 2. f4 exf4 3. Nf3 h6 4. Nc3 d6 5. d4 g5 6. g3 Bg7 7. gxf4 gxf4 8. Rg1 Qf6 9. Nd5 Qd8 10. Rxg7 c6
11. Nxf4 Nd7 12. Bc4 b5 13. Bb3 d5 14. e5 Kf8 15. Rg1 Qa5+ 16. Bd2 Qc7 17. Qe2 Ke8 18. Qg2 Nf8 19. Qg7 Bb7 20. Qxh8 Ng6
21. Nxg6 fxg6 22. Qxg8+ Kd7 23. Qf7+ Kc8 24. Qxc7+ Kxc7 25. Ba5+ Kd7 26. Rxg6 Re8 27. Ke2 a6 28. Rag1 h5 29. Rd6+ Kc8 30. Rg7 Kb8
31. Rdd7 Rc8 32. Rxb7+ Ka8 33. Ra7+ Kb8 34. Rgb7#
1-0

[Event "Have fun"]
[Site "SchemingMind.com"]
[Date "2018.11.09"]
[Round "-"]
[White "Mitch The Man"]
[Black "capablanca"]
[Result "0-1"]
[WhiteCountry "USA"]
[BlackCountry "GER"]
[WhiteElo "1374"]
[WhiteRD "66"]
[BlackElo "1790"]
[BlackRD "74"]
[GameID "434464"]

1. e4 e5 2. f4 exf4 3. Nf3 Nc6 4. c3 g5 5. h3 Bg7 6. Na3 d6 7. Nxg5 Qxg5 8. Qf3 Ne5 9. Qf2 Nf6 10. d3 Be6
11. Bxf4 Qg6 12. O-O-O Bh6 13. Bxh6 Qxh6+ 14. Kb1 Nfd7 15. Nb5 Kd8 16. d4 Ng4 17. Qe2 f5 18. d5 Bf7 19. Rd3 fxe4 20. Qxg4 exd3
21. Bxd3 Ne5 22. Qg3 Nxd3 23. Qxd3 Bg6
0-1

[Event "Have fun"]
[Site "SchemingMind.com"]
[Date "2018.11.09"]
[Round "-"]
[White "capablanca"]
[Black "Mitch The Man"]
[Result "1-0"]
[WhiteCountry "GER"]
[BlackCountry "USA"]
[WhiteElo "1748"]
[WhiteRD "65"]
[BlackElo "1394"]
[BlackRD "63"]
[GameID "434465"]

1. e4 e5 2. f4 exf4 3. Nf3 Nc6 4. d4 Qf6 5. e5 Qh6 6. Bc4 Na5 7. Bd3 Be7 8. Qd2 b6 9. Qxf4 Qxf4 10. Bxf4 Nh6
11. Nc3 O-O 12. O-O-O Ng4 13. Bg3 Ne3 14. Rd2 Ng4 15. h3 Nh6 16. Ne4 Nf5 17. Bf2 Bb7 18. g4 Nh6 19. Rg1 Kh8 20. Ng3 Bxf3
21. Be3 Rad8 22. Rf2 Bd5 23. Kb1 Bh4 24. Rd2 Ng8 25. Nf5 Be7 26. Nxe7 Nxe7 27. h4 Rde8 28. b3 Ng6 29. h5 Ne7 30. c4 Ba8
31. d5 Nc8 32. Bd4 c6 33. h6 gxh6 34. Rh2 c5 35. Bc3 Rg8 36. Rxh6
1-0

[Event "Have fun"]
[Site "SchemingMind.com"]
[Date "2018.11.12"]
[Round "-"]
[White "Mitch The Man"]
[Black "cnile"]
[Result "1-0"]
[WhiteCountry "USA"]
[BlackCountry "SCO"]
[WhiteElo "1370"]
[WhiteRD "60"]
[BlackElo "1381"]
[BlackRD "69"]
[GameID "434466"]

1. e4 e5 2. f4 exf4 3. Nf3 g5 4. h3 Bg7 5. Bc4 h6 6. O-O d6 7. c3 Nc6 8. b4 Nxb4 9. Qa4+ Nc6 10. Bd5 Bd7
11. Bxc6 Bxc6 12. Qc2 Qe7 13. d3 O-O-O 14. d4 Bxe4 15. Qe2 Nf6 16. Nbd2 Kb8 17. Nxe4 Nxe4 18. Qb2 Rhe8 19. Qc2 d5 20. a4 a6
21. Ba3 Qd7 22. Rfe1 Qf5 23. Re2 Qd7 24. Kh2 Bf8 25. Ne5 Qe6 26. Bxf8 Rxf8 27. Qb2 f5 28. Rb1 Qc8 29. Nc6+ Ka8 30. Nxd8 Rxd8
31. a5 Nd6 32. Qb3 Ne4 33. Reb2 Nd6 34. Qxd5 Re8 35. c4 Rd8 36. c5 Nb5 37. Qf3 Rxd4 38. Rc1 Qd8 39. c6 Rd3 40. cxb7+ Kb8
41. Qc6 Nd6 42. Qxa6 Rg3 43. Qa8#
1-0

[Event "Have fun"]
[Site "SchemingMind.com"]
[Date "2018.11.10"]
[Round "-"]
[White "cnile"]
[Black "Mitch The Man"]
[Result "1-0"]
[WhiteCountry "SCO"]
[BlackCountry "USA"]
[WhiteElo "1364"]
[WhiteRD "68"]
[BlackElo "1394"]
[BlackRD "63"]
[GameID "434467"]

1. e4 e5 2. f4 exf4 3. Nf3 Be7 4. h4 Nh6 5. Bc4 O-O 6. d3 Ng4 7. Bxf4 c6 8. O-O d6 9. Nc3 Bxh4 10. a3 Bf2+
11. Kh1 Ne3 12. Bxe3 Bxe3 13. Qe2 Bh6 14. Rae1 Bg4 15. Qf2 Bxf3 16. Qxf3 Qh4+ 17. Kg1 Kh8 18. Ne2 Qe7 19. Ng3 b5 20. Ba2 Qh4
21. Nf5 Qf6 22. Qh3 Na6 23. Nxh6 Qd4+ 24. Kh1 gxh6 25. Qxh6 f6 26. c3 Nc5 27. cxd4
1-0

[Event "Have fun"]
[Site "SchemingMind.com"]
[Date "2018.11.10"]
[Round "-"]
[White "Mitch The Man"]
[Black "Shanks"]
[Result "1/2-1/2"]
[WhiteCountry "USA"]
[BlackCountry "ENG"]
[WhiteElo "1370"]
[WhiteRD "60"]
[BlackElo "1330"]
[BlackRD "73"]
[GameID "434468"]

1. e4 e5 2. f4 exf4 3. Nf3 d5 4. Qe2 Be6 5. h3 c6 6. Qd3 Ne7 7. Be2 Ng6 8. O-O Bc5+ 9. Nd4 Bc8 10. Qc3 O-O
11. b4 Bb6 12. Kh1 Bc7 13. Bf3 Nd7 14. exd5 Nde5 15. d3 Nxf3 16. Nxf3 cxd5 17. Re1 Be6 18. Nd4 Bc8 19. Nb5 Bb8 20. Bb2 f6
21. Nd2 a6 22. Na3 Kh8 23. Nf3 b6 24. d4 Bb7 25. Re2 Ne7 26. Rae1 Nf5 27. Bc1 Ng3+ 28. Kh2 Nxe2 29. Rxe2 Bc7 30. Qd2 b5
31. Qe1 Bc6 32. Kg1 Be8 33. Nb1 a5 34. c3 a4 35. a3 Bg6 36. Nbd2 Bh5 37. Kh2 g5 38. Rf2 Qd7 39. Kh1 g4 40. hxg4 Bxg4
41. Nh2 Bh5 42. Qf1 Rad8 43. Ndf3 Bg6 44. Qd1 Qc8=
1/2-1/2

[Event "Have fun"]
[Site "SchemingMind.com"]
[Date "2018.11.10"]
[Round "-"]
[White "Shanks"]
[Black "Mitch The Man"]
[Result "1-0"]
[WhiteCountry "ENG"]
[BlackCountry "USA"]
[WhiteElo "1381"]
[WhiteRD "76"]
[BlackElo "1374"]
[BlackRD "66"]
[GameID "434469"]

1. e4 e5 2. f4 exf4 3. Nf3 Nc6 4. Nc3 d6 5. d4 Qf6 6. d5 Ne5 7. Bb5+ c6 8. dxc6 Nxc6 9. O-O Be7 10. Nd5 Qh6
11. Nc7+ Kd8 12. Nxa8 Bf6 13. Qxd6+
1-0

[Event "Have fun"]
[Site "SchemingMind.com"]
[Date "2018.11.09"]
[Round "-"]
[White "Mitch The Man"]
[Black "Iucounu"]
[Result "0-1"]
[WhiteCountry "USA"]
[BlackCountry "ENG"]
[WhiteElo "1394"]
[WhiteRD "63"]
[BlackElo "1684"]
[BlackRD "70"]
[GameID "434470"]

1. e4 e5 2. f4 exf4 3. e5 Qh4+ 4. Ke2 d6 5. Nf3 Bg4 6. exd6 Bxd6 7. h3 Nc6 8. Qe1 Qxe1+ 9. Kxe1 Bd7 10. c3 O-O-O
11. Be2 Re8 12. d4 Bf5 13. d5 Nb8 14. b4 Bd3 15. Bd2 Rxe2+ 16. Kd1 Rxg2 17. Ne1 Rg3 18. Nxd3 Rxd3 19. Kc2 Rxd5 20. Na3 a6
21. Rhe1 Nf6 22. Nc4 g5 23. Nxd6+ Rxd6 24. Rg1 h6 25. Rae1 Re8 26. Rxe8+ Nxe8 27. h4 f6 28. hxg5 hxg5 29. Rh1 f3 30. Rh8 Kd7
31. Be3 g4 32. Rh7+ Ke6 33. Bf2 Rd7 34. Rxd7 Nxd7 35. Kd2 Kf5 36. Ke3 Ne5 37. Bg3 c6
0-1

[Event "Have fun"]
[Site "SchemingMind.com"]
[Date "2018.11.09"]
[Round "-"]
[White "Iucounu"]
[Black "Mitch The Man"]
[Result "1-0"]
[WhiteCountry "ENG"]
[BlackCountry "USA"]
[WhiteElo "1684"]
[WhiteRD "70"]
[BlackElo "1394"]
[BlackRD "63"]
[GameID "434471"]

1. e4 e5 2. f4 d6 3. d3 Nc6 4. Nf3 Bg4 5. Nc3 Bxf3 6. Qxf3 Nd4 7. Qf2 c6 8. Be3 Nxc2+ 9. Qxc2 a5 10. fxe5 dxe5
11. O-O-O Bd6 12. a3 Ne7 13. g3 O-O 14. Bg2 b6 15. Na4 c5 16. Nc3 Qd7 17. a4 Qg4 18. Qe2 Qxe2 19. Nxe2 Ng6 20. b3 f6
21. Bh3 Rab8 22. Be6+ Kh8 23. h4 Rbe8 24. Bc4 Ne7 25. h5 h6 26. g4 Rd8 27. Nc3 Nc6 28. Nd5 Rb8 29. Rhf1 Nb4 30. Nxb4 cxb4
31. Kb2 Kh7 32. Rc1 Be7 33. d4 exd4 34. Bxd4 Rfd8 35. Be3 Bd6 36. Bf4 Bxf4 37. Rxf4 Rd2+ 38. Rc2 Rd4 39. Bd5 Rd8 40. Rf5 Rd6
41. Rc6 Rxc6 42. Bxc6 Rd6 43. Bd5 g6 44. hxg6+ Kxg6 45. Kc2 Rd7 46. Kd3 Rc7 47. Bc4 Rd7+ 48. Bd5 Rd6 49. Kc4 Rd7 50. Kb5
1-0

[Event "Have fun"]
[Site "SchemingMind.com"]
[Date "2018.11.24"]
[Round "-"]
[White "Mitch The Man"]
[Black "Dicken"]
[Result "0-1"]
[WhiteCountry "USA"]
[BlackCountry "GER"]
[WhiteElo "1394"]
[WhiteRD "63"]
[BlackElo "1901"]
[BlackRD "85"]
[GameID "435029"]

1. e4 e5 2. f4 exf4 3. Nf3 d6 4. h3 Be7 5. Bc4 Bh4+ 6. Nxh4 Qxh4+ 7. Kf1 Be6 8. Bxe6 fxe6 9. d3 e5 10. Qg4 Qxg4
11. hxg4 Nc6 12. c3 Nf6 13. g5 Nd7 14. g6 h6 15. Kf2 Nf6 16. Kf3 Ne7 17. g4 fxg3 18. Kxg3 O-O-O 19. Na3 Nxg6 20. Kf3 Rdf8
21. Ke2 Ng4 22. Ke1 Nf4 23. Kd2 g5 24. Kc2 Nf2 25. Rf1 N4h3 26. Be3 g4 27. Bxf2 Nxf2 28. Nc4 g3 29. Rg1 Rfg8 30. Rg2 h5
31. Ne3 h4 32. Nf1 Nh3 33. Ne3 Nf4 34. Rgg1 h3 35. Nf5 g2 36. Ne7+ Kd7 37. Nxg8 Rxg8 38. Raf1 gxf1=Q 39. Rxf1 Rg2+ 40. Kb3 h2
0-1

[Event "Have fun"]
[Site "SchemingMind.com"]
[Date "2018.11.24"]
[Round "-"]
[White "Dicken"]
[Black "Mitch The Man"]
[Result "1-0"]
[WhiteCountry "GER"]
[BlackCountry "USA"]
[WhiteElo "1838"]
[WhiteRD "228"]
[BlackElo "1374"]
[BlackRD "66"]
[GameID "435030"]

1. e4 e5 2. f4 Bd6 3. Bc4 exf4 4. Nf3 Qf6 5. d4 Qg6 6. O-O Ne7 7. e5 Bb4 8. c3 Ba5 9. Bxf4 O-O 10. Bd3 Qg4
11. Bxh7+ Kxh7 12. Ng5+
1-0

[Event "Have fun"]
[Site "SchemingMind.com"]
[Date "2018.11.24"]
[Round "-"]
[White "capablanca"]
[Black "Dicken"]
[Result "0-1"]
[WhiteCountry "GER"]
[BlackCountry "GER"]
[WhiteElo "1790"]
[WhiteRD "74"]
[BlackElo "1838"]
[BlackRD "228"]
[GameID "435031"]

1. e4 e5 2. f4 exf4 3. Nf3 d6 4. d4 g5 5. h4 g4 6. Nfd2 Be7 7. Bc4 Bxh4+ 8. Kf1 Nc6 9. c3 Bd7 10. Nb3 Bg5
11. Na3 Qe7 12. Nb5 O-O-O 13. Nd2 a6 14. Na3 Nf6 15. Nc2 h5 16. Ne1 h4 17. Kg1 d5 18. exd5 Qe3+ 19. Kf1 Nh5
0-1

[Event "Have fun"]
[Site "SchemingMind.com"]
[Date "2018.11.24"]
[Round "-"]
[White "Dicken"]
[Black "capablanca"]
[Result "1-0"]
[WhiteCountry "GER"]
[BlackCountry "GER"]
[WhiteElo "1901"]
[WhiteRD "85"]
[BlackElo "1748"]
[BlackRD "65"]
[GameID "435032"]

1. e4 e5 2. f4 exf4 3. Bc4 Qh4+ 4. Kf1 Bc5 5. d4 Bb6 6. Nf3 Qh5 7. Bxf4 d6 8. Nc3 Bg4 9. Nd5 Nc6 10. Nxb6 axb6
11. c3 Nf6 12. Qe2 O-O 13. Kf2 Rfe8 14. Bd3 Nd5 15. Bg3 f5 16. h3 Bxf3 17. Qxf3 Qxf3+ 18. gxf3 fxe4 19. fxe4 Rf8+ 20. Ke2 Nf4+
21. Bxf4 Rxf4 22. Raf1 Rxf1 23. Rxf1 g6 24. Bc4+ Kg7 25. Rf7+ Kh6 26. Rxc7 Rf8 27. Rxb7 Na5 28. Rf7
1-0

[Event "Have fun"]
[Site "SchemingMind.com"]
[Date "2018.11.26"]
[Round "-"]
[White "cnile"]
[Black "Dicken"]
[Result "0-1"]
[WhiteCountry "SCO"]
[BlackCountry "GER"]
[WhiteElo "1364"]
[WhiteRD "68"]
[BlackElo "1901"]
[BlackRD "85"]
[GameID "435033"]

1. e4 e5 2. f4 exf4 3. Nf3 d6 4. d4 g5 5. Bc4 Bg7 6. O-O h6 7. c3 Nc6 8. Qb3 Qe7 9. Nbd2 Na5 10. Qb5+ Nc6
11. d5 a6 12. Qb3 Ne5 13. Qd1 Bg4 14. Qa4+ Bd7 15. Qc2 Nxc4 16. Nb3 O-O-O 17. Nbd4 Nf6 18. b3 Ne3 19. Bxe3 fxe3 20. Rfe1 Qxe4
21. Qxe4 Nxe4 22. Rxe3 f5 23. Rae1 Rde8 24. Nd2 Bxd4 25. cxd4 Nxd2 26. Rxe8+ Rxe8
0-1

[Event "Have fun"]
[Site "SchemingMind.com"]
[Date "2018.11.26"]
[Round "-"]
[White "Shanks"]
[Black "Dicken"]
[Result "0-1"]
[WhiteCountry "ENG"]
[BlackCountry "GER"]
[WhiteElo "1356"]
[WhiteRD "77"]
[BlackElo "1901"]
[BlackRD "85"]
[GameID "435035"]

1. e4 e5 2. f4 exf4 3. Nf3 d6 4. Nc3 g5 5. d4 Bg7 6. d5 Bg4 7. Qd2 h6 8. Bb5+ Nd7 9. Bd3 Bxf3 10. gxf3 Ne5
11. Bb5+ c6 12. Be2 Qe7 13. dxc6 bxc6 14. a4 Nf6 15. b3 O-O 16. Bb2 Rfd8 17. O-O-O Rd7 18. Qe1 Rad8 19. Kb1 d5 20. exd5 cxd5
21. Qf1 d4 22. Ne4 Nxe4 23. Bxd4 Rxd4 24. Rxd4 Rxd4 25. fxe4 Rxe4 26. Bb5 Ng4 27. Bd3 Qe5 28. Bxe4 Qb2#
0-1

[Event "Have fun"]
[Site "SchemingMind.com"]
[Date "2018.11.28"]
[Round "-"]
[White "Dicken"]
[Black "Shanks"]
[Result "1-0"]
[WhiteCountry "GER"]
[BlackCountry "ENG"]
[WhiteElo "1901"]
[WhiteRD "85"]
[BlackElo "1356"]
[BlackRD "77"]
[GameID "435036"]

1. e4 e5 2. f4 exf4 3. Bc4 Qh4+ 4. Kf1 Qf6 5. Nc3 c6 6. d4 g5 7. Nf3 h6 8. e5 Qd8 9. Ne4 Bg7 10. Nd6+ Kf8
11. Nxf7 Qc7 12. Nxh8 Bxh8 13. h4 Bg7 14. hxg5 hxg5 15. Nxg5 b5 16. Bxg8 Kxg8 17. Qh5 Kf8 18. Qf7#
1-0

[Event "Have fun"]
[Site "SchemingMind.com"]
[Date "2018.11.24"]
[Round "-"]
[White "Iucounu"]
[Black "Dicken"]
[Result "0-1"]
[WhiteCountry "ENG"]
[BlackCountry "GER"]
[WhiteElo "1684"]
[WhiteRD "70"]
[BlackElo "1901"]
[BlackRD "85"]
[GameID "435037"]

1. e4 e5 2. f4 d5 3. exd5 c6 4. Ne2 exf4 5. Nxf4 cxd5 6. d4 Nf6 7. Be2 Bd6 8. O-O O-O 9. c3 Nc6 10. Bf3 Bxf4
11. Bxf4 Qb6 12. Qb3 Qxb3 13. axb3 Be6 14. Na3 a6 15. b4 Ne7 16. h3 Ng6 17. Bh2 Rfe8 18. Nc2 Bd7 19. Rae1 Nh4 20. Rxe8+ Rxe8
21. Be5 Nxf3+ 22. Rxf3 Ne4 23. Ne3 f6 24. Bh2 Nd2 25. Rf2 Rxe3 26. Rxd2 Kf7 27. Kf2 Re4 28. Kf3 f5 29. Re2 g5 30. Rxe4 dxe4+
31. Ke3 Bc6 32. Be5 f4+ 33. Kf2 e3+ 34. Kf1 Bb5+ 35. Ke1 Ke6 36. h4 h6 37. hxg5 hxg5 38. b3 Bd3
0-1

[Event "Have fun"]
[Site "SchemingMind.com"]
[Date "2018.11.24"]
[Round "-"]
[White "Dicken"]
[Black "Iucounu"]
[Result "1/2-1/2"]
[WhiteCountry "GER"]
[BlackCountry "ENG"]
[WhiteElo "1901"]
[WhiteRD "85"]
[BlackElo "1684"]
[BlackRD "70"]
[GameID "435038"]

1. e4 e5 2. f4 exf4 3. Bc4 Qh4+ 4. Kf1 Nf6 5. Nc3 Ng4 6. Nh3 c6 7. d4 g5 8. Qe1 Qxe1+ 9. Kxe1 h6 10. Nf2 Nxf2
11. Kxf2 d6 12. h4 Bg7 13. Ne2 Bg4 14. c3 b5 15. Bb3 f5 16. Bc2 fxe4 17. Bxe4 d5 18. Bf3 Bxf3 19. Kxf3 Kf7 20. g3 fxg3
21. hxg5 hxg5 22. Rxh8 Bxh8 23. Bxg5 Nd7 24. Nxg3=
1/2-1/2